000 00440nam a2200181Ia 4500
003 GCL
008 140319s9999 xx 000 0 eng d
040 _aGCL /
_cGCL
082 0 4 _a821.8
_bM P
100 1 _aMALINS, EDWARD
245 1 0 _aA PREFACE TO YEATS /
_cMALINS, EDWARD
700 1 _aPURKIS, JOHN
260 _a[S.N] :
_bLONGMAN ،
_c1994
300 _a218 P
650 0 4 _aYEATS
650 0 4 _aIRELAND LITERATURE
942 _2ddc
_cBK
999 _c23917
_d23917